000 00283nam a2200097Ia 4500
008 240331s9999 xx 000 0 und d
082 _bSIN
100 _aSingh, M
245 0 _aContemporary personal impressions upon :
_bIndian Independence movement and Punjabi Suba struggle
942 _cL
999 _c2383
_d2383